000 01330nam a2200301 a 4500
001 ebr10314699
003 CaPaEBR
006 m u
007 cr cn|||||||||
008 091008s2003 bccac s 000 0 eng d
020 _z9780865714830
020 _z9781550924121
020 _z0865714835
040 _aCaPaEBR
_cCaPaEBR
035 _a(OCoLC)607907575
050 1 4 _aBF723.A4
_bS56 2003eb
100 1 _aSimmonds, Jennifer.
245 1 0 _aSeeing red
_h[electronic resource] :
_ban anger management and peacemaking curriculum for kids : a resource for teachers, social workers, and youth leaders /
_cJennifer Simmonds.
260 _aGabriola Island, B.C. :
_bNew Society Publishers,
_c2003.
300 _a79 p. :
_bill., port.
533 _aElectronic reproduction.
_bPalo Alto, Calif. :
_cebrary,
_d2013.
_nAvailable via World Wide Web.
_nAccess may be limited to ebrary affiliated libraries.
650 0 _aAnger in children
_xStudy and teaching (Elementary)
650 0 _aConflict management
_xStudy and teaching (Elementary)
650 0 _aInterpersonal relations in children
_xStudy and teaching (Elementary)
655 7 _aElectronic books.
_2local
710 2 _aebrary, Inc.
856 4 0 _uhttp://site.ebrary.com/lib/rucke/Doc?id=10314699
_zAn electronic book accessible through the World Wide Web; click to view
999 _c57888
_d57888